[Event "Magnus Carlsen Invitational 2020"]
[Site "magnuscarlsen.com"]
[Date "2020.04.30"]
[Round "7.3"]
[White "Nepomniachtchi, Ian"]
[Black "Firouzja, Alireza"]
[Result "1-0"]
[WhiteElo "2778"]
[BlackElo "2703"]
[Annotator "TA"]
[PlyCount "57"]
[EventDate "2020.04.18"]
[EventType "tourn"]
[EventCountry "NOR"]
[SourceTitle "playchess.com"]
[Source "ChessBase"]
[SourceQuality "1"]

{[%evp 13,57,21,42,25,27,21,21,12,20,17,22,24,50,49,54,32,54,39,47,50,60,0,0,0,-13,-11,0,0,11,19,230,261,220,223,216,202,398,396,389,391,704,704,811,802,29996,29997]} 1. e4 c6 2. d4 d5 3. e5 Bf5 4. Nf3 e6 5. Be2 Ne7 6. c3 h6 7. O-O Nd7 8. Nbd2 {B12: Caro-Kann: Advance Variation.} a5 {[%cal Ba7a5,Ba5a4][%mdl 32]} 9. Re1 a4 10. Nf1 {The position is equal.} Bg6 11. Ng3 {[#]} c5 $146 ({Predecessor:} 11... Nc8 12. h4 Be7 13. h5 Bh7 14. Be3 O-O 15. Qd2 Ncb6 16. b3 c5 17. Nh2 Rc8 {0-1 (61) Lobanov,S (2528)-Schekachikhin,M (2428) St Petersburg 2019}) 12. Bb5 Qa5 13. Bxd7+ $1 Kxd7 14. dxc5 Nc6 15. Be3 Bxc5 16. c4 Rhd8 17. Bxc5 (17. Nh4 $1 $14) 17... Qxc5 $11 18. Nh4 Qxc4 19. Nxg6 fxg6 20. Rc1 Qxa2 {And now ...Qb3 would win.} 21. Ne4 {Nc5+ is the strong threat.} Rf8 $2 {This costs Black the game.} (21... b6 $11 {and Black has nothing to worry.}) 22. Nc5+ $18 {[%mdl 64] Double Attack} Ke7 {[#]} 23. Qg4 $1 {[%mdl 576] Double Attack} d4 24. Qxg6 $40 {[%mdl 128] White has strong attack.} Rf7 $2 (24... a3 {was worth a try.} 25. Qxg7+ Rf7 26. Qxh6 axb2) 25. Nxb7 Qxb2 26. Nd6 Qxf2+ $2 (26... Raf8 27. Nxf7 Rxf7) 27. Kh1 Nxe5 28. Qe4 {[%mdl 64] Double Attack} (28. Rxe5 $2 {[#] leads to mate.} Qf1+ $1 {[%mdl 512]} 29. Rxf1 Rxf1#) 28... Kxd6 29. Qxe5+ {[%mdl 64] Double Attack. Accuracy: White = 94%, Black = 51%.} 1-0

[Event "Magnus Carlsen Invitational 2020"]
[Site "magnuscarlsen.com"]
[Date "2020.04.30"]
[Round "7.3"]
[White "Giri, Anish"]
[Black "Caruana, Fabiano"]
[Result "1-0"]
[WhiteElo "2731"]
[BlackElo "2773"]
[Annotator "TA"]
[PlyCount "109"]
[EventDate "2020.04.18"]
[EventType "tourn"]
[EventCountry "NOR"]
[SourceTitle "playchess.com"]
[Source "ChessBase"]
[SourceQuality "1"]

{[%evp 20,109,58,60,61,55,75,62,62,66,70,43,46,29,41,40,36,21,43,33,52,20,37,0,28,22,16,0,13,12,50,31,66,61,64,66,66,54,69,49,61,0,0,7,2,8,42,16,169,85,83,83,91,31,31,35,31,31,74,74,64,64,81,89,114,114,114,114,134,114,121,108,90,0,0,0,0,0,0,0,0,0,0,0,0,0,706,696,576,537,29995,29996]} 1. d4 f5 2. Nc3 Nf6 3. Bg5 d5 4. e3 e6 5. Nf3 Be7 6. Bd3 O-O 7. O-O Ne4 8. Bxe7 Qxe7 9. Ne2 Nd7 10. c4 c6 11. Rc1 a5 $5 {[%mdl 4] A promising side line. D55: Queen's Gambit Declined: 4 Bg5 Be7: Lines without ...h6 and 6...h6 7 Bxf6.} 12. a3 {[#]} Nd6 $146 ({Predecessor:} 12... g5 13. Ne5 Nxe5 14. dxe5 Bd7 15. Qc2 b6 16. f3 Nc5 17. Rfd1 Qg7 18. Qc3 a4 {0-1 (30) Guix Torres,D (2040)-Mellado Trivino,J (2392) Castell de Sant Ferran 2017}) 13. Qc2 Nf6 {White is slightly better.} 14. Ne5 Bd7 15. cxd5 exd5 16. b4 Rfc8 17. Qc5 axb4 18. axb4 Be8 19. Ra1 Qd8 20. Ng3 g6 21. f3 b6 22. Qc3 Qe7 23. Rfe1 Rxa1 24. Rxa1 Nf7 (24... c5 {with more complications.} 25. bxc5 bxc5 26. Ne2 c4 27. Bc2 Rc7) 25. Bf1 (25. Ne2 {is more complex.} Nd6 26. Nf4 b5 27. Bf1 Nc4 28. Nfd3) 25... Nxe5 26. dxe5 Nd7 27. f4 Nf8 28. Ne2 c5 $1 29. bxc5 bxc5 30. Nd4 (30. Qb3 $14) 30... Rb8 $11 31. Nf3 Ne6 32. Ra6 c4 33. Qd2 Nc5 $2 {[#]} (33... Kg7 $11) 34. Qxd5+ (34. Ra8 $1 $18 {[%mdl 512]} Rxa8 35. Qxd5+ {[%mdl 64] Double Attack} Bf7 36. Qxa8+ Kg7 37. Qa1) 34... Bf7 $16 35. e6 Nxe6 (35... Nxa6 36. exf7+ Kf8 37. Qd4 $18 (37. Ne5 Nc5 $11)) (35... Bxe6 $2 36. Rxe6 $1 {[%mdl 512]} Nxe6 37. Bxc4 $16) 36. Bxc4 ({White should try} 36. Qe5 $16 Re8 37. Bxc4) 36... Ng5 $14 37. Qd3 Nxf3+ 38. gxf3 Re8 39. Kg2 Qc5 ({Don't go for} 39... Qxe3 $2 40. Qxe3 Rxe3 41. Ra8+ Kg7 42. Ra7 $18) 40. Bxf7+ Kxf7 {[%mdl 4096] Endgame KQR-KQR} 41. e4 Re7 42. e5 Rb7 43. Ra2 ({Of course not} 43. Qd8 $6 Rb2+ 44. Kh3 Rxh2+ 45. Kxh2 Qf2+ 46. Kh1 Qf1+ 47. Kh2 Qxa6 $11) 43... Kg7 44. Qd8 Rb1 45. Qf6+ Kh6 {[#]} 46. Kh3 (46. Qh4+ $1 $16 Kg7 47. Qf2 (47. Qf6+ Kh6 $16)) 46... Qe3 $11 47. Qg5+ Kg7 48. Qf6+ Kh6 49. Qh4+ Kg7 50. Qe7+ Kh6 51. Qh4+ Kg7 52. Rf2 Qc5 $2 {[%mdl 8192]} (52... Rg1 $11 53. Qe7+ Kh6 54. Qh4+ Kg7 55. Qe7+ Kh6 56. Qh4+ Kg7) 53. Qf6+ $18 Kh6 54. Rg2 {Threatening mate with Rxg6+!} Rb8 55. Rg5 {Accuracy: White = 79%, Black = 75%.} 1-0

[Event "Magnus Carlsen Invitational 2020"]
[Site "magnuscarlsen.com"]
[Date "2020.04.30"]
[Round "7.4"]
[White "Carlsen, Magnus"]
[Black "Ding, Liren"]
[Result "0-1"]
[WhiteElo "2881"]
[BlackElo "2836"]
[Annotator "TA"]
[PlyCount "46"]
[EventDate "2020.04.18"]
[EventType "tourn"]
[EventCountry "NOR"]
[SourceTitle "playchess.com"]
[Source "ChessBase"]
[SourceQuality "1"]

{[%evp 9,46,-60,-66,-49,-48,-59,-55,-46,-48,-52,-56,-78,0,0,-22,0,0,-65,-68,-55,-91,-98,-96,-75,-95,-93,-94,-100,-87,-244,-236,-264,-258,-256,-266,-319,-313,-308,-295]} 1. e4 e5 2. f4 exf4 3. Nf3 Nf6 4. e5 Nh5 5. Qe2 Be7 6. d4 {C34: King's Gambit Accepted: 3 Nf3: 3...Nf6 and 3...d6.} O-O 7. Nc3 d6 8. Bd2 {Black is slightly better.} Bg4 {Hoping for ...Nc6.} 9. O-O-O Nd7 {[#]} 10. Qe1 $146 ({Predecessor:} 10. Qe4 dxe5 11. dxe5 Nc5 12. Qe1 Qe8 13. Nd5 Rd8 14. Bb4 c6 15. Nxe7+ Qxe7 16. Rxd8 Rxd8 {1-0 (40) Baroin,B (2223)-Yepez Gutierrez,J (2255) ICCF email 2006}) 10... c6 (10... Re8 $17 11. Be2 c5) 11. Be2 $1 $11 Re8 12. g3 dxe5 13. Nxe5 (13. dxe5 $11 fxg3 14. hxg3) 13... Nxe5 $15 14. dxe5 f3 $36 {[%mdl 2048] Black is in control.} 15. Bd3 Qd4 {[#]} 16. Qe4 $1 {[%mdl 512]} Qxe4 17. Nxe4 {[#]} f2 $1 {[%mdl 512]} 18. Rdf1 (18. Nxf2 Bxd1) 18... Bf3 19. g4 $2 {Now White is beyond hope.} (19. Nxf2 $17 {is the only way for White.} Bc5 20. Ne4 Bxh1 21. Nxc5 Rxe5 22. Nxb7) 19... Bh4 $19 ({Not} 19... Bxh1 20. Rxh1 Bh4 21. gxh5 $11) 20. gxh5 Rxe5 {[%mdl 64] Double Attack. Black has a decisive advantage.} 21. Ng3 {[#]} Rae8 $1 ({Stronger than} 21... Bxh1 22. Rxh1 Bxg3 23. hxg3 $11) 22. Bc3 Bg5+ 23. Kb1 Bxh1 {Accuracy: White = 72%, Black = 93%.} 0-1

[Event "Magnus Carlsen Invitational 2020"]
[Site "magnuscarlsen.com"]
[Date "2020.04.30"]
[Round "7.4"]
[White "Nakamura, Hikaru"]
[Black "Vachier-Lagrave, Maxime"]
[Result "1/2-1/2"]
[WhiteElo "2829"]
[BlackElo "2860"]
[Annotator "TA"]
[PlyCount "164"]
[EventDate "2020.04.18"]
[EventType "tourn"]
[EventCountry "NOR"]
[SourceTitle "playchess.com"]
[Source "ChessBase"]
[SourceQuality "1"]

{[%evp 9,164,10,15,9,27,11,18,15,32,30,43,46,186,6,8,0,0,0,197,20,21,15,27,27,25,26,46,44,54,70,70,70,79,72,70,25,51,31,52,41,42,33,41,41,40,40,102,40,40,40,40,40,41,55,57,50,114,122,129,115,122,115,122,58,69,69,68,70,129,129,202,164,159,101,191,187,166,171,170,65,65,55,55,56,63,60,53,53,60,60,60,66,53,69,60,0,0,0,64,72,64,58,70,8,8,8,8,8,6,7,8,8,8,8,8,8,8,8,8,0,0,0,0,0,0,0,0,0,0,0,0,0,0,0,0,0,0,0,0,0,0,0,0,0,0,0,0,0,0,0,0,0,0,0,0,0,0]} 1. d4 Nf6 2. Bg5 g6 3. Bxf6 exf6 4. e3 Bg7 5. Ne2 O-O 6. h4 {A45: Trompowsky Attack.} h5 7. Nf4 d5 8. c4 dxc4 9. Bxc4 {[#] Strongly threatening Nxg6.} Kh8 $146 ({Predecessor:} 9... Kh7 10. Nc3 f5 11. Qb3 Qd7 12. O-O-O a6 13. Bd5 Ra7 14. Kb1 b5 15. Nd3 c6 {1-0 (36) Vaisman,V (2346)-Dubreuil,R (2004) Aix les Bains 2007}) 10. Nc3 c6 (10... f5 $14) 11. d5 $2 (11. Nxh5 $1 $18 gxh5 12. Qxh5+ {[%mdl 64] Double Attack} Kg8 13. g4) 11... f5 12. dxc6 Qxd1+ 13. Rxd1 {Hoping for Bxf7!} bxc6 $2 {[#]} (13... Nxc6 $11 14. O-O Ne5) 14. Rc1 $2 (14. Bxf7 $1 $18 Rxf7 15. Rd8+ {[%mdl 64] Double Attack} Kh7 16. Rxc8) 14... Nd7 15. O-O Ne5 16. Be2 Bf6 17. g3 $1 Bb7 18. Na4 Rad8 19. Nc5 Bc8 20. Rc2 Rd6 21. Rfc1 Rfd8 22. b3 Rd2 23. Kg2 Be7 24. Kf1 Kg7 25. Ke1 {[#]} Rxe2+ $1 {[%mdl 576] Remove Defender} 26. Rxe2 Bxc5 27. Rxc5 Nf3+ 28. Kf1 Ba6 {Black wants to play ...Rd1+.} 29. Kg2 Bxe2 30. Nxe2 $14 {[%mdl 4096] Endgame KRN-KRN} Ne1+ 31. Kf1 Nf3 {With the idea ...Rd1+.} 32. Ng1 Nxg1 (32... Nd2+ $1 $14 33. Ke1 Ne4) 33. Kxg1 {KR-KR} Rd6 34. Ra5 Rd7 35. Kf1 Kf6 36. Ke2 (36. Ra6 $16) 36... Ke6 37. b4 Kd6 38. a3 Rc7 (38... f6 $14) 39. Kd3 $16 Re7 (39... c5 $16) 40. Ra6 Kd5 41. Ra4 (41. a4 $142) 41... Rd7 {[#]} (41... Rc7 $16) 42. Ra5+ $1 $18 Ke6+ 43. Kc2 f6 44. Ra6 ({White should try} 44. Kc3 $18) 44... Kd5 $14 45. Kd3 Ke5+ $1 46. Ke2 Kd5 47. f3 Rc7 48. Kd3 Rd7 49. Ra5+ Kd6 $1 50. Kc3 Re7 51. Kd4 Rd7 $1 52. Kc4 Re7 53. Kd3 Rd7 54. Ke2 Re7 55. Kf2 Rb7 56. e4 (56. f4 $14) 56... fxe4 $11 {The position is equal.} 57. fxe4 Rc7 58. Ra6 Ke5 59. Ke3 c5 60. Ra5 Kd6 61. bxc5+ Rxc5 62. Rxa7 Rc3+ 63. Kf4 g5+ 64. Kf5 Rf3+ 65. Kg6 Rxg3 66. Kxf6 {e5+ is the strong threat.} gxh4 67. e5+ Kc6 68. a4 Rf3+ (68... h3 $5 69. Rh7 $8 h2 70. Rxh5 Rf3+ 71. Ke6 Rf2 $11) 69. Ke6 Ra3 70. Rh7 Rxa4 71. Rxh5 {Threatens to win with Ke7.} Re4 72. Ke7 {aiming for e6.} h3 73. e6 Re3 74. Rh6 Kc7 75. Kf7 Kd6 76. e7+ Kd7 77. Rxh3 Rxe7+ 78. Kf6 Re6+ 79. Kf5 Rd6 80. Re3 Rd5+ 81. Re5 Kd6 82. Rxd5+ Kxd5 {Black defended with fortune. Accuracy: White = 81%, Black = 84%.} 1/2-1/2

[Event "Magnus Carlsen Invitational 2020"]
[Site "magnuscarlsen.com"]
[Date "2020.04.30"]
[Round "7.4"]
[White "Caruana, Fabiano"]
[Black "Giri, Anish"]
[Result "1-0"]
[WhiteElo "2773"]
[BlackElo "2731"]
[Annotator "TA"]
[PlyCount "47"]
[EventDate "2020.04.18"]
[EventType "tourn"]
[EventCountry "NOR"]
[SourceTitle "playchess.com"]
[Source "ChessBase"]
[SourceQuality "1"]

{[%evp 9,47,0,0,-22,-23,-10,0,17,0,-16,0,-12,-22,-16,-3,-6,-8,-25,0,-2,8,6,0,4,35,31,45,34,68,68,68,0,89,89,147,191,183,165,360,357]} 1. c4 e5 2. e3 Nf6 3. Nc3 Bb4 4. Nge2 O-O 5. a3 Be7 6. b4 {A22: English Opening: 1...e5 2 Nc3 Nf6.} a5 7. b5 {[#]} c6 $146 ({Predecessor:} 7... d5 8. cxd5 Nxd5 9. Nxd5 Qxd5 10. Nc3 Qd8 11. Bc4 Nd7 12. Nd5 Bd6 13. Qc2 Qh4 {0-1 (54) Brozhik,V (2189)-Moliboga,V (2284) Kiev 2006}) 8. d4 {The position is equal.} d6 9. Bb2 Be6 10. d5 cxd5 11. cxd5 Bc8 12. Ng3 Nbd7 13. a4 Nc5 14. Ba3 Qb6 15. Bd3 Bg4 16. Qb1 Nxd3+ (16... Bd7 {with more complications.} 17. O-O Rac8 18. Rc1 g6 19. h3 Rc7) 17. Qxd3 Rfc8 18. O-O Qd8 19. h3 Bd7 20. Bb2 (20. Nb1 $14) 20... Rc5 (20... Qc7 $11 {remains equal.}) 21. f4 $16 exf4 (21... Rac8 $142) 22. Rxf4 Rac8 23. Raf1 Kh8 $2 {[#]} (23... Rxc3 24. Bxc3 Rxc3 25. Qxc3 Nxd5) 24. Nge4 {Accuracy: White = 94%, Black = 50%.} 1-0

[Event "Magnus Carlsen Invitational 2020"]
[Site "magnuscarlsen.com"]
[Date "2020.04.30"]
[Round "7.4"]
[White "Firouzja, Alireza"]
[Black "Nepomniachtchi, Ian"]
[Result "1-0"]
[WhiteElo "2703"]
[BlackElo "2778"]
[Annotator "TA"]
[PlyCount "85"]
[EventDate "2020.04.18"]
[EventType "tourn"]
[EventCountry "NOR"]
[SourceTitle "playchess.com"]
[Source "ChessBase"]
[SourceQuality "1"]

{[%evp 9,85,37,55,28,26,25,54,0,0,0,0,-18,-16,-45,-29,-33,-29,-45,-52,-64,-79,-112,-74,-80,53,53,263,276,266,257,288,288,382,282,360,354,333,347,364,370,363,355,350,342,808,811,783,744,1222,1144,1144,1144,1024,839,796,723,12825,5173,9999,12176,5181,5097,5097,5073,1562,1000,4132,2035,29974,29975,29974,29974,29973,29976,29978,29979,29976,29940]} 1. d4 f5 2. g3 Nf6 3. Bg2 g6 4. Nd2 Nc6 5. d5 Ne5 6. b3 {A81: Dutch Defence: 2 g3.} Bg7 7. Bb2 {[#]} Nf7 $146 ({Predecessor:} 7... d6 8. Nh3 O-O 9. c4 Qe8 10. O-O h6 11. Nf3 Nfg4 12. Qd2 g5 13. Nxe5 Bxe5 14. Bxe5 dxe5 {1-0 (35) Crouch,C (2375)-Rawlinson,A (2147) Oxford 2004}) 8. h4 (8. e4 $14) 8... c6 $11 9. c4 O-O 10. Nh3 e5 11. dxe6 dxe6 12. Qc2 e5 13. O-O-O Qe7 14. e4 a5 15. a3 f4 16. gxf4 Bxh3 (16... exf4 $17 17. Ng5 (17. Nxf4 Ne5 $17) 17... Nxg5 18. hxg5 Nd7) 17. Bxh3 $14 exf4 $2 {[#] Now Black is done in.} (17... Nh5 $14) 18. e5 $1 $18 {[%cal Re5f6][%mdl 512]} Nh5 (18... Nxe5 19. Rhe1) 19. Nf3 $1 Rad8 {[%cal Rf7e5]} 20. Bg4 Nxe5 21. Bxh5 gxh5 {[#]} 22. Rxd8 $1 Nxf3 23. Rxf8+ Qxf8 24. Qe4 Bxb2+ 25. Kxb2 {[%mdl 4096] Endgame KQR-KQN} Qf6+ 26. Ka2 Nxh4 $2 (26... Ne5 27. Rg1+ Ng6) 27. Qe8+ {[%mdl 64] Double Attack} Kg7 28. Qxh5 {[%mdl 64] Double Attack} Qc3 29. Qxh4 Qc2+ 30. Ka1 Qc3+ 31. Kb1 {Qe7+ would kill now.} Qxb3+ {[#]} 32. Kc1 $1 Qxa3+ 33. Kd2 (33. Kc2 $142 Qa2+ 34. Kd3 Qb3+ 35. Kd4 Qb2+ 36. Ke4 Qe2+ 37. Kf5 Qc2+ 38. Ke5 Qc3+ 39. Kd6 Qf6+ 40. Qxf6+ {[%mdl 64] Overworked Piece} Kxf6 41. Rxh7) 33... Qb2+ {[#]} 34. Kd3 $1 {Threatening mate with Qe7+.} Qb3+ 35. Ke4 Qxc4+ {[#]} 36. Kf3 $1 {Intending Qe7+ and mate.} Qd3+ 37. Kxf4 Qd4+ 38. Kg3 Qxh4+ 39. Kxh4 {White mates.} Kf6 40. Ra1 b5 41. Rxa5 Ke5 42. Ra6 c5 43. Ra5 {Accuracy: White = 82%, Black = 39%.} 1-0

[Event "Magnus Carlsen Invitational 2020"]
[Site "magnuscarlsen.com"]
[Date "2020.04.30"]
[Round "7.5"]
[White "Vachier-Lagrave, Maxime"]
[Black "Nakamura, Hikaru"]
[Result "0-1"]
[WhiteElo "2860"]
[BlackElo "2829"]
[Annotator "TA"]
[PlyCount "82"]
[EventDate "2020.04.18"]
[EventType "tourn"]
[EventCountry "NOR"]
[SourceTitle "playchess.com"]
[Source "ChessBase"]
[SourceQuality "1"]

{[%evp 14,82,22,10,18,20,22,10,15,2,7,8,25,11,41,0,7,1,18,25,29,17,15,27,22,27,20,21,75,66,64,51,56,47,74,74,88,74,77,73,72,87,98,87,81,69,99,95,105,100,158,147,159,0,8,0,0,0,0,-8,0,-181,-155,-312,-312,-362,-362,-1430,-549,-1430,-1405]} 1. e4 e5 2. Bc4 Nc6 3. d3 Bc5 4. Nf3 d6 5. c3 Nf6 6. O-O h6 7. Re1 O-O 8. h3 a5 {is cutting edge theory. C54: Giuoco Piano: 4 c3 Nf6, main lines with 5 d4 and 5 d3.} 9. Nbd2 {[%cal Bb1d2,Bd2c4,Bc4e3,Be3f5][%mdl 32]} Bb6 10. Bb3 Be6 {The position is equal.} 11. Nc4 Ba7 {[#]} 12. Ne3 $146 ({Predecessor:} 12. a4 Re8 13. Be3 Bxe3 14. Rxe3 Ne7 15. d4 Ng6 16. dxe5 dxe5 17. Nfd2 Qe7 18. Qf3 {0-1 (47) Bianchi,A (2100)-Solomon,K (2369) Venice 2016}) 12... Ne7 13. Bc2 c5 14. d4 cxd4 15. cxd4 Ng6 16. Nf5 Re8 17. Be3 d5 18. dxe5 Nxe4 19. Bxa7 {[#] Threatens to win with Nxh6+.} Bxf5 20. Bd4 Nf4 (20... Qe7 $11 {remains equal.}) 21. Be3 $16 Ne6 22. Bb3 N4c5 23. Qxd5 Nxb3 24. Qxb3 Be4 25. Nd2 Bd5 26. Qd3 $36 {[%mdl 2048] White is really pushing.} Bc6 27. Qxd8 Rexd8 28. Nc4 a4 29. Rad1 Rd5 30. f4 Rad8 31. Nd6 f6 (31... Rd7 $142 32. Rxd5 Bxd5) 32. Rxd5 Bxd5 33. Bb6 $2 {[#]} ({White should try} 33. Rd1 $16 Bxa2 34. f5) 33... Rd7 $11 34. Be3 fxe5 35. fxe5 Bxa2 36. Kf2 Rc7 37. Kg3 $2 (37. Re2 $11 {and White stays safe.}) 37... Rc2 $19 38. Rd1 $2 (38. Rf1 $17 {was worth a try.}) 38... Rxb2 39. Nf5 Bb1 40. Rd8+ $2 (40. Nd4 a3 41. Bc1) 40... Kh7 (40... Nxd8 $142 41. Nd4 a3) 41. Nd6 Nxd8 {Quite a comeback for Black. Accuracy: White = 67%, Black = 74%.} 0-1

[Event "Magnus Carlsen Invitational 2020"]
[Site "magnuscarlsen.com"]
[Date "2020.04.30"]
[Round "7.5"]
[White "Nepomniachtchi, Ian"]
[Black "Firouzja, Alireza"]
[Result "1-0"]
[WhiteElo "2778"]
[BlackElo "2703"]
[Annotator "TA"]
[PlyCount "83"]
[EventDate "2020.04.18"]
[EventType "tourn"]
[EventCountry "NOR"]
[SourceTitle "playchess.com"]
[Source "ChessBase"]
[SourceQuality "1"]

{[%evp 13,83,29,23,27,33,15,13,15,18,10,22,17,4,14,27,3,35,31,39,33,56,40,36,-19,-35,-38,0,-77,0,0,0,0,0,-47,-56,-61,7,0,4,0,39,61,51,55,35,57,50,49,57,57,53,54,49,58,54,35,44,56,75,0,0,0,0,0,30,43,984,963,29987,29988,29987,29988]} 1. e4 c6 2. d4 d5 3. e5 Bf5 4. Nf3 e6 5. Be2 Ne7 6. c3 h6 7. O-O Nd7 8. Nbd2 {B12: Caro-Kann: Advance Variation.} a5 {[%cal Ba7a5,Ba5a4,Ba4a3][%mdl 32]} 9. Re1 a4 10. Nf1 {The position is equal.} Bg6 11. Ng3 {[#]} c5 $146 ({Predecessor:} 11... Nc8 12. h4 Be7 13. h5 Bh7 14. Be3 O-O 15. Qd2 Ncb6 16. b3 c5 17. Nh2 Rc8 {0-1 (61) Lobanov,S (2528)-Schekachikhin,M (2428) St Petersburg 2019}) 12. Bb5 a3 13. b3 Nc6 14. Qe2 cxd4 15. Nxd4 Qb6 16. Be3 Bc5 17. Bxc6 bxc6 18. b4 (18. Qg4 $14 h5 19. Qh3) 18... Bxd4 $1 $11 19. Bxd4 Qb5 20. Qg4 (20. Qxb5 $11 cxb5 21. f4) 20... h5 (20... c5 $17 21. bxc5 Nxc5) 21. Qh4 c5 22. bxc5 Nxc5 23. Ne2 Nd3 24. Rf1 Qc4 ({Black should try} 24... Qb7 $15) 25. Ng3 Rb8 26. f4 {[#] Hoping for f5.} Nc5 27. f5 exf5 $1 28. Nxf5 Bxf5 29. Rxf5 Ne6 $1 30. Raf1 Rb7 31. Rxh5 Rxh5 32. Qxh5 {And now Qh8+ would win.} Nxd4 33. Qh8+ {[%mdl 64] [#] Double Attack} Ke7 {aiming for ...Ne2+.} 34. Qh4+ {[%mdl 64] Double Attack} Ke8 $1 {( -> ...Ne2+)} 35. cxd4 $14 {[%mdl 4096] Endgame Black must now prevent e6! KQR-KQR} Rb4 $1 36. Qh8+ (36. Qh7 $16 {Qg8+ would kill now.} Qxd4+ 37. Kh1) 36... Ke7 $11 37. Qxg7 Qxd4+ 38. Kh1 Qf2 {[%cal Rf2f1]} (38... Qf4 $5 39. Rg1 (39. Kg1 Qd4+ 40. Kh1 Qf4 $14) 39... Rb2 $14) 39. Qg5+ (39. Rxf2 $2 Rb1+ 40. Rf1 Rxf1#) 39... Ke6 $2 {[%mdl 8192]} (39... Kd7 $14 40. Rc1 (40. Rxf2 $2 Rb1+ 41. Qc1 Rxc1+ 42. Rf1 Rxf1#) 40... Qf4 41. e6+ {[%mdl 64] Discovered Attack} fxe6 42. Qg7+ Kd8 43. Qh8+ Ke7 44. Qh7+ Kf6) 40. Qc1 $18 (40. Rxf2 $2 {leads to mate.} Rb1+ 41. Qc1 Rxc1+ 42. Rf1 Rxf1#) 40... Qe2 41. Qc6+ Kxe5 42. Qe8+ {[%mdl 64] Double Attack. Accuracy: White = 84%, Black = 65%.} 1-0